[Event "Belgrade Trophy 36th"]
[Site "Belgrade"]
[Date "2023.12.01"]
[Round "7"]
[White "Zubova, Mariya"]
[Black "Zoric, Savo"]
[Result "1/2-1/2"]
[WhiteElo "2157"]
[BlackElo "1952"]
[PlyCount "115"]
[EventDate "2023.11.25"]
[EventType "swiss"]
[EventRounds "9"]
[EventCountry "SRB"]
[SourceTitle "CB49_2023"]
[SourceDate "2023.12.06"]
[SourceVersion "1"]
[SourceVersionDate "2023.12.06"]
[SourceQuality "1"]

1. e4 d6 2. d4 Nf6 3. Nc3 e5 4. Nf3 Nbd7 5. Bc4 Be7 6. 0-0 0-0 7. Re1 c6 8. a4 b6 9. h3 a6 10. b3 Rb8 11. Bb2 b5 12. axb5 axb5 13. Bf1 Bb7 14. dxe5 dxe5 15. g3 Qc7 16. Bg2 Ra8 17. Qe2 Bb4 18. Red1 Rfe8 19. Ne1 Bf8 20. Nd3 Nc5 21. Qe3 Nxd3 22. Rxd3 Rxa1+ 23. Bxa1 Nd7 24. Rd1 Bc8 25. Bb2 Bc5 26. Qe2 Nf8 27. Na2 Ne6 28. c3 Rd8 29. Rxd8+ Qxd8 30. Nc1 f6 31. h4 Qd6 32. Qd3 Bd7 33. Bh3 Nf8 34. Bxd7 Nxd7 35. Qxd6 Bxd6 36. Nd3 Nc5 37. Nxc5 Bxc5 38. h5 g6 39. hxg6 hxg6 40. Kf1 Kf7 41. Ke2 Ke6 42. Bc1 Kd6 43. f3 Ke6 44. Kd3 Kd7 45. Bd2 Ke6 46. Ke2 Ke7 47. f4 Ke6 48. Kf3 f5 49. g4 fxe4+ 50. Kxe4 exf4 51. Bxf4 Bf2 52. Bc7 Be1 53. Be5 Bf2 54. c4 bxc4 55. bxc4 Be1 56. Bd4 Bd2 57. Be5 Be1 58. Bd4 1/2-1/2

[Event "Warsaw Najdorf Memorial op-A"]
[Site "Warsaw"]
[Date "2023.07.19"]
[Round "9"]
[White "Zubova, Mariya"]
[Black "Ladan, Nicholas John"]
[Result "0-1"]
[WhiteElo "2163"]
[BlackElo "2260"]
[PlyCount "80"]
[EventDate "2023.07.11"]
[EventType "swiss"]
[EventRounds "9"]
[EventCountry "POL"]
[SourceTitle "EXT 2024"]
[Source "ChessBase"]
[SourceDate "2023.10.10"]
[SourceVersion "1"]
[SourceVersionDate "2023.10.10"]
[SourceQuality "1"]

1. e4 e5 2. Nf3 Nc6 3. Bb5 a6 4. Ba4 Nge7 5. Nc3 g6 6. d4 exd4 7. Nd5 Bg7 8. Bg5 h6 9. Bf6 Kf8 10. Nxd4 Bxf6 11. Nxf6 Kg7 12. Nd5 Nxd5 13. exd5 Re8+ 14. Kf1 Ne5 15. Qd2 Qf6 16. Bb3 c5 17. dxc6 dxc6 18. Qc3 b6 19. h3 c5 20. Nf3 Bb7 21. Nxe5 Rxe5 22. a4 Rd8 23. Bc4 Rd4 24. Kg1 Rf5 25. Rh2 Rxf2 26. Rf1 Rxf1+ 27. Bxf1 Rxa4 28. Qxf6+ Kxf6 29. g3 Ke5 30. c3 Ra1 31. Re2+ Be4 32. Kf2 f5 33. h4 b5 34. g4 Kf4 35. gxf5 gxf5 36. Rd2 Rc1 37. Rd6 Rc2+ 38. Kg1 h5 39. Rxa6 Rxb2 40. Rb6 c4 0-1

[Event "Warsaw Maciei Memorial"]
[Site "Warsaw"]
[Date "2023.07.10"]
[Round "4"]
[White "Gluszko, Monika"]
[Black "Zubova, Mariya"]
[Result "1-0"]
[WhiteElo "1915"]
[BlackElo "2163"]
[PlyCount "125"]
[EventDate "2023.07.10"]
[EventType "swiss (blitz)"]
[EventRounds "11"]
[EventCountry "POL"]
[SourceTitle "CBM 215 Extra"]
[Source "ChessBase"]
[SourceDate "2023.09.30"]
[SourceVersion "1"]
[SourceVersionDate "2023.09.30"]
[SourceQuality "1"]

1. e4 c5 2. Nf3 Nc6 3. d4 cxd4 4. Nxd4 Nf6 5. Nc3 e5 6. Ndb5 d6 7. Bg5 a6 8. Na3 b5 9. Nd5 Be7 10. Bxf6 Bxf6 11. c3 Rb8 12. Nc2 Bg5 13. b4 0-0 14. a4 bxa4 15. Rxa4 a5 16. b5 Ne7 17. Nce3 Bxe3 18. Nxe3 Be6 19. Qa1 Ra8 20. c4 f5 21. exf5 Nxf5 22. Nd5 Nd4 23. Bd3 Bxd5 24. cxd5 Nb3 25. Qb1 Nc5 26. Bxh7+ Kh8 27. Rg4 Qf6 28. 0-0 Qh6 29. Bg6 Rf4 30. Rg3 Rh4 31. h3 a4 32. Qf5 a3 33. Rg5 a2 34. Ra1 Nb3 35. Rxa2 Rb8 36. Ra7 Rf4 37. Qd7 Nc5 38. Qe7 Rh4 39. Bf5 Rg8 40. Bg4 Ne4 41. Rf5 Nf6 42. Rxf6 Qxf6 43. Be6 Qxe7 44. Rxe7 Rb8 45. Bf5 Rb4 46. Bd7 Rb1+ 47. Kh2 Rd1 48. Bc6 Rd2 49. Kg3 Kg8 50. Rd7 Rd3+ 51. f3 e4 52. Rxd6 Kf7 53. Re6 exf3 54. gxf3 g5 55. Re4 Kf6 56. Kg4 Rg8 57. Re6+ Kf7 58. b6 Rd4+ 59. Kg3 Rb4 60. b7 Rb3 61. Rh6 Rb4 62. Rh7+ Kf6 63. Rc7 1-0

[Event "Warsaw Maciei Memorial"]
[Site "Warsaw"]
[Date "2023.07.10"]
[Round "9"]
[White "Zubova, Mariya"]
[Black "Lecki, Leonard"]
[Result "1-0"]
[WhiteElo "2163"]
[BlackElo "1995"]
[PlyCount "75"]
[EventDate "2023.07.10"]
[EventType "swiss (blitz)"]
[EventRounds "11"]
[EventCountry "POL"]
[SourceTitle "CBM 215 Extra"]
[Source "ChessBase"]
[SourceDate "2023.09.30"]
[SourceVersion "1"]
[SourceVersionDate "2023.09.30"]
[SourceQuality "1"]

1. e4 c5 2. Nf3 e6 3. g3 Nc6 4. Bg2 g6 5. 0-0 Bg7 6. c3 Nge7 7. Qe2 0-0 8. Rd1 d5 9. e5 c4 10. b3 b5 11. a4 cxb3 12. axb5 Na5 13. Ba3 Re8 14. d3 Qb6 15. Bb4 Nb7 16. d4 Bd7 17. Qb2 Bxb5 18. Nbd2 a5 19. Bxe7 Rxe7 20. Qxb3 Qc6 21. Rdb1 Ba6 22. Ne1 Bh6 23. Qa3 Rc7 24. Nb3 Bc4 25. f4 a4 26. Nd2 Na5 27. Qxa4 Qxa4 28. Rxa4 Rca7 29. Rba1 Nc6 30. Rxa7 Rxa7 31. Rb1 Ra2 32. Nxc4 dxc4 33. Bxc6 g5 34. fxg5 Bxg5 35. Bb5 Be3+ 36. Kh1 Rf2 37. Bxc4 Rf1+ 38. Bxf1 1-0

[Event "Warsaw Maciei Memorial"]
[Site "Warsaw"]
[Date "2023.07.10"]
[Round "3"]
[White "Zubova, Mariya"]
[Black "Obukhava, Anastasiya"]
[Result "1-0"]
[WhiteElo "2163"]
[BlackElo "1637"]
[PlyCount "63"]
[EventDate "2023.07.10"]
[EventType "swiss (blitz)"]
[EventRounds "11"]
[EventCountry "POL"]
[SourceTitle "CBM 215 Extra"]
[Source "ChessBase"]
[SourceDate "2023.09.30"]
[SourceVersion "1"]
[SourceVersionDate "2023.09.30"]
[SourceQuality "1"]

1. e4 c5 2. Nf3 e6 3. g3 g6 4. Bg2 Bg7 5. c3 Ne7 6. 0-0 0-0 7. Re1 Nbc6 8. d3 d5 9. Nbd2 b6 10. Nf1 Bb7 11. e5 Qc7 12. d4 Nf5 13. g4 Nfe7 14. Ng3 Qd7 15. Be3 cxd4 16. cxd4 f5 17. exf6 Bxf6 18. Qd2 Rae8 19. Bh6 Bg7 20. Re2 Ba6 21. Ree1 Nc8 22. Bxg7 Kxg7 23. Ne5 Nxe5 24. Rxe5 Nd6 25. b3 Rf6 26. Qg5 Nf7 27. Nh5+ Kf8 28. Nxf6 Nxg5 29. Nxd7+ Ke7 30. Rxg5 Kxd7 31. Re1 Bd3 32. Rge5 1-0

[Event "Kiev Spring op"]
[Site "Kiev"]
[Date "2023.03.29"]
[Round "7"]
[White "Eropunov, Gleb"]
[Black "Zubova, Mariya"]
[Result "1-0"]
[WhiteElo "1934"]
[BlackElo "2226"]
[PlyCount "113"]
[EventDate "2023.03.25"]
[EventType "swiss"]
[EventRounds "9"]
[EventCountry "UKR"]
[SourceTitle "EXT 2024"]
[Source "ChessBase"]
[SourceDate "2023.10.10"]
[SourceVersion "1"]
[SourceVersionDate "2023.10.10"]
[SourceQuality "1"]

1. e4 e5 2. Nf3 Nc6 3. Bb5 g6 4. d4 exd4 5. Nxd4 Bg7 6. Be3 Nge7 7. Nc3 a6 8. Nxc6 Nxc6 9. Bc4 0-0 10. a3 d6 11. 0-0 Kh8 12. Qc1 f5 13. Bg5 Qd7 14. Bh6 Ne5 15. Be2 fxe4 16. Nxe4 b6 17. Bxg7+ Qxg7 18. f3 Bb7 19. Nf2 Rae8 20. Qd2 Re7 21. Rae1 Rfe8 22. c3 Qf7 23. h3 Qd5 24. Qc1 b5 25. Ne4 Qf7 26. Ng5 Qf5 27. f4 Nd3 28. Bxd3 Qxd3 29. Rxe7 Rxe7 30. Nf3 Re2 31. f5 gxf5 32. Qh6 Qe3+ 33. Qxe3 Rxe3 34. Nd4 Rg3 35. Rf2 Rg6 36. Nxf5 Rf6 37. Nd4 Rxf2 38. Kxf2 Kg7 39. g3 Kf6 40. Ke3 c5 41. Nf3 a5 42. b4 a4 43. Kf4 Bc8 44. Ng5 h6 45. Ne4+ Ke7 46. g4 c4 47. Ng3 Kf6 48. Ne2 Bd7 49. Nd4 d5 50. h4 Kg6 51. g5 hxg5+ 52. hxg5 Be8 53. Nf3 Kg7 54. Ke5 Bh5 55. Nd4 Kg6 56. Kxd5 Kxg5 57. Nxb5 1-0

[Event "Plzen op 11th"]
[Site "Plzen"]
[Date "2023.03.04"]
[Round "1"]
[White "Zubova, Mariya"]
[Black "Nagly, Wojciech"]
[Result "1-0"]
[WhiteElo "2226"]
[BlackElo "1690"]
[PlyCount "59"]
[EventDate "2023.03.04"]
[EventType "swiss"]
[EventRounds "9"]
[EventCountry "CZE"]
[SourceTitle "CBM 213 Extra"]
[Source "ChessBase"]
[SourceDate "2023.05.31"]
[SourceVersion "1"]
[SourceVersionDate "2023.05.31"]
[SourceQuality "1"]

1. e4 c5 2. Nf3 Nc6 3. Bb5 g6 4. 0-0 Bg7 5. c3 d6 6. d4 cxd4 7. cxd4 Bd7 8. Nc3 a6 9. Ba4 Nf6 10. Re1 0-0 11. h3 b5 12. Bb3 b4 13. Na4 Qc7 14. e5 dxe5 15. dxe5 Ne8 16. Bf4 Rd8 17. Qe2 Nd4 18. Nxd4 Bxa4 19. e6 Qxf4 20. exf7+ Kh8 21. Ne6 Qb8 22. Bxa4 Rxf7 23. Nxd8 Qxd8 24. Rad1 Nd6 25. Bb3 Rf8 26. Qxe7 Qb6 27. Qxd6 Qxf2+ 28. Kh1 Bxb2 29. Re2 Qxe2 30. Qxf8# 1-0

[Event "Isola del Sole op"]
[Site "Grado"]
[Date "2022.10.01"]
[Round "9"]
[White "Zubova, Mariya"]
[Black "Pap, Gyula"]
[Result "1/2-1/2"]
[WhiteElo "2214"]
[BlackElo "2420"]
[PlyCount "24"]
[EventDate "2022.09.24"]
[EventType "swiss"]
[EventRounds "9"]
[EventCountry "ITA"]
[SourceTitle "CBM 210 Extra"]
[Source "ChessBase"]
[SourceDate "2022.11.30"]
[SourceVersion "1"]
[SourceVersionDate "2022.11.30"]
[SourceQuality "1"]

1. e4 c6 2. d4 d5 3. exd5 cxd5 4. Bd3 Nf6 5. h3 g6 6. Nf3 Bg7 7. 0-0 0-0 8. Re1 Nc6 9. c3 b6 10. Bf4 Bb7 11. Ne5 e6 12. Nd2 Nd7 1/2-1/2

[Event "Nova Gorica op-A 26th"]
[Site "Nova Gorica"]
[Date "2022.09.22"]
[Round "9"]
[White "Hercog, Nusa"]
[Black "Zubova, Mariya"]
[Result "0-1"]
[WhiteElo "2019"]
[BlackElo "2214"]
[PlyCount "140"]
[EventDate "2022.09.16"]
[EventType "swiss"]
[EventRounds "9"]
[EventCountry "SLO"]
[SourceTitle "CBM 210 Extra"]
[Source "ChessBase"]
[SourceDate "2022.11.30"]
[SourceVersion "1"]
[SourceVersionDate "2022.11.30"]
[SourceQuality "1"]

1. d4 Nf6 2. c4 e6 3. Nf3 Bb4+ 4. Nc3 Ne4 5. Qc2 f5 6. Nd2 Bxc3 7. bxc3 Nxd2 8. Bxd2 b6 9. e4 Qf6 10. Bd3 Bb7 11. 0-0 0-0 12. f4 Nc6 13. Be3 Na5 14. d5 Rae8 15. Bd4 Qf7 16. Rae1 g6 17. dxe6 dxe6 18. c5 Rd8 19. Rf3 Nc6 20. Bf2 Rd7 21. Rg3 Kh8 22. exf5 exf5 23. Qa4 Na5 24. Bd4+ Kg8 25. Re5 Rd5 26. Rge3 Rxe5 27. Rxe5 Bc6 28. Bb5 Qd7 29. Bxc6 Qxc6 30. Qb4 Re8 31. Rxe8+ Qxe8 32. Be5 Qd7 33. Bd4 Qe6 34. Be5 Nc6 35. Qb5 Nxe5 36. Qe2 Nf3+ 37. Qxf3 Qe1+ 38. Qf1 Qxc3 39. cxb6 axb6 40. h3 Qd4+ 41. Kh1 c5 42. Qb1 c4 43. Qb5 Kg7 44. Qb4 Qc5 45. Qc3+ Kg8 46. a4 Qd5 47. Qb4 Qc6 48. a5 bxa5 49. Qxa5 c3 50. Qd8+ Kf7 51. Qh8 Qf6 52. Qc8 Kg7 53. Qc7+ Kh6 54. Qc5 Qa6 55. Qxc3 Qf1+ 56. Kh2 Qxf4+ 57. Kh1 Kh5 58. Qg7 h6 59. Qe7 Qf1+ 60. Kh2 f4 61. Qe5+ g5 62. Qf5 Qe2 63. Qf6 Qe3 64. Qf5 Qg3+ 65. Kh1 Kh4 66. Qf6 h5 67. Qd4 Qe3 68. Qf6 f3 69. gxf3 Kxh3 70. Qf5+ Kg3 0-1

[Event "Nova Gorica op-A 26th"]
[Site "Nova Gorica"]
[Date "2022.09.18"]
[Round "4"]
[White "Petrovcic, Cvetko"]
[Black "Zubova, Mariya"]
[Result "0-1"]
[WhiteElo "1602"]
[BlackElo "2214"]
[PlyCount "66"]
[EventDate "2022.09.16"]
[EventType "swiss"]
[EventRounds "9"]
[EventCountry "SLO"]
[SourceTitle "CBM 210 Extra"]
[Source "ChessBase"]
[SourceDate "2022.11.30"]
[SourceVersion "1"]
[SourceVersionDate "2022.11.30"]
[SourceQuality "1"]

1. e4 e5 2. Nf3 Nc6 3. Bc4 Bc5 4. c3 Nf6 5. d4 exd4 6. cxd4 Bb4+ 7. Nc3 Nxe4 8. 0-0 Bxc3 9. bxc3 d5 10. Ba3 dxc4 11. Re1 f5 12. Nd2 Be6 13. Nxe4 fxe4 14. Rxe4 Qd5 15. Qe2 Kd7 16. Rd1 Rae8 17. Re5 Nxe5 18. dxe5 Qxd1+ 19. Qxd1+ Kc8 20. Bc5 Rd8 21. Qa4 b6 22. Bd4 Kb7 23. h3 a6 24. Qc2 c5 25. Be3 Rd3 26. Qb2 Rc8 27. a4 a5 28. g4 Bd7 29. Qc2 Re8 30. Bf4 Rxh3 31. Bg3 Bc6 32. Kf1 Bf3 33. Ke1 Rd8 0-1

[Event "Nova Gorica op-A 26th"]
[Site "Nova Gorica"]
[Date "2022.09.18"]
[Round "5"]
[White "Zubova, Mariya"]
[Black "Willow, Jonah B"]
[Result "0-1"]
[WhiteElo "2214"]
[BlackElo "2385"]
[PlyCount "82"]
[EventDate "2022.09.16"]
[EventType "swiss"]
[EventRounds "9"]
[EventCountry "SLO"]
[SourceTitle "CBM 210 Extra"]
[Source "ChessBase"]
[SourceDate "2022.11.30"]
[SourceVersion "1"]
[SourceVersionDate "2022.11.30"]
[SourceQuality "1"]

1. e4 e5 2. Nf3 Nc6 3. Bb5 a6 4. Ba4 d6 5. c3 Bd7 6. 0-0 g5 7. d4 g4 8. Ne1 h5 9. f4 exd4 10. cxd4 d5 11. e5 Nh6 12. Nc3 Ne7 13. f5 Nhxf5 14. Bg5 c6 15. Bc2 Qb6 16. Bxe7 Nxe7 17. Na4 Qc7 18. Nc5 Bc8 19. Qe2 Rh6 20. Qf2 Ng8 21. Ned3 b6 22. Na4 Be6 23. Nf4 b5 24. Nb6 Rb8 25. Nxe6 Rxe6 26. Bf5 Qe7 27. Bxe6 Qxe6 28. Nd7 Kxd7 29. Qxf7+ Qxf7 30. Rxf7+ Ke6 31. Raf1 Be7 32. Rh7 c5 33. dxc5 Bxc5+ 34. Kh1 d4 35. Rxh5 d3 36. Rd1 Rd8 37. Rg5 d2 38. Rg6+ Kf5 39. Rxa6 Ne7 40. a4 Kxe5 41. axb5 Nf5 0-1

[Event "Odesa Chess Day Blitz"]
[Site "Chess.com INT"]
[Date "2022.07.20"]
[Round "5"]
[White "Zubova, Mariya"]
[Black "Zhukova, Natalia"]
[Result "0-1"]
[WhiteElo "2214"]
[BlackElo "2335"]
[PlyCount "64"]
[EventDate "2022.07.20"]
[EventType "swiss (blitz)"]
[EventRounds "9"]
[EventCountry "UKR"]
[SourceTitle "CBM 209 Extra"]
[Source "ChessBase"]
[SourceDate "2022.09.30"]
[SourceVersion "1"]
[SourceVersionDate "2022.09.30"]
[SourceQuality "1"]

1. e4 e5 2. Nf3 Nc6 3. Bb5 a6 4. Ba4 Nf6 5. 0-0 b5 6. Bb3 Bc5 7. d3 h6 8. Nc3 d6 9. a4 Rb8 10. h3 0-0 11. Nd5 Nxd5 12. Bxd5 Ne7 13. Bb3 b4 14. a5 Ng6 15. d4 exd4 16. Nxd4 Bb7 17. Re1 Qf6 18. c3 bxc3 19. bxc3 Rfe8 20. Bc2 d5 21. exd5 Bxd5 22. Be3 Rbd8 23. Qc1 Nh4 24. f3 Ba8 25. Bf2 Ng6 26. Rxe8+ Rxe8 27. Ba4 Rd8 28. Qb2 Nf4 29. Rd1 Qg6 30. Bh4 Rf8 31. Kh2 Bd6 32. Bg3 Nd3 0-1

[Event "Petah Tikva Winter IM-B"]
[Site "Petah Tikva"]
[Date "2020.02.18"]
[Round "6"]
[White "Tzidkiya, Yeshaayahu"]
[Black "Zubova, Mariya"]
[Result "1-0"]
[WhiteElo "2279"]
[BlackElo "2153"]
[PlyCount "71"]
[EventDate "2020.01.26"]
[EventType "tourn"]
[EventRounds "9"]
[EventCountry "ISR"]
[EventCategory "3"]
[SourceTitle "CBM 195 Extra"]
[Source "ChessBase"]
[SourceDate "2020.05.31"]
[SourceVersion "1"]
[SourceVersionDate "2020.05.31"]
[SourceQuality "1"]

1. e4 e5 2. Nf3 Nc6 3. Bb5 Nge7 4. 0-0 d6 5. d4 exd4 6. Nxd4 Bd7 7. Nc3 Nxd4 8. Qxd4 Nc6 9. Bxc6 bxc6 10. e5 d5 11. f4 Bf5 12. Ne2 c5 13. Qd1 h5 14. c4 d4 15. Ng3 Bg4 16. Qd3 h4 17. Ne4 h3 18. g3 Qd7 19. f5 Kd8 20. Bg5+ Be7 21. e6 Qc6 22. Bxe7+ Kxe7 23. Rf4 Bh5 24. f6+ gxf6 25. exf7 Rh6 26. Raf1 Bxf7 27. Rxf6 Rxf6 28. Rxf6 Be6 29. Qf3 Rd8 30. Rh6 Rf8 31. Rh7+ Rf7 32. Qf6+ Kd7 33. Rxf7+ Bxf7 34. Qxf7+ Kc8 35. Qg8+ Kb7 36. Qd5 1-0

[Event "Petah Tikva Winter IM-B"]
[Site "Petah Tikva"]
[Date "2020.02.09"]
[Round "4"]
[White "Zubova, Mariya"]
[Black "Peng, Li Min"]
[Result "1/2-1/2"]
[WhiteElo "2153"]
[BlackElo "2426"]
[PlyCount "24"]
[EventDate "2020.01.26"]
[EventType "tourn"]
[EventRounds "9"]
[EventCountry "ISR"]
[EventCategory "3"]
[SourceTitle "CBM 195 Extra"]
[Source "ChessBase"]
[SourceDate "2020.05.31"]
[SourceVersion "1"]
[SourceVersionDate "2020.05.31"]
[SourceQuality "1"]

1. e4 e5 2. Nf3 Nf6 3. Nxe5 d6 4. Nf3 Nxe4 5. d4 d5 6. Bd3 Be7 7. 0-0 Bf5 8. Ne5 Nd7 9. Nc3 Nxc3 10. bxc3 Bxd3 11. cxd3 0-0 12. Rb1 Rb8 1/2-1/2

[Event "Mentese (Women)"]
[Site "Mentese"]
[Date "2019.06.27"]
[Round "7.2"]
[White "Zubova, Mariya"]
[Black "Khomeriki, Nino"]
[Result "0-1"]
[WhiteElo "2164"]
[BlackElo "2313"]
[PlyCount "112"]
[EventDate "2019.06.24"]
[EventType "schev"]
[EventRounds "10"]
[EventCountry "TUR"]
[SourceTitle "CBM 191 Extra"]
[Source "ChessBase"]
[SourceDate "2019.09.30"]
[SourceVersion "1"]
[SourceVersionDate "2019.09.30"]
[SourceQuality "1"]
[WhiteTeam "White Team"]
[BlackTeam "Green Team"]
[WhiteTeamCountry "TUR"]
[BlackTeamCountry "TUR"]

1. e4 e5 2. Nf3 Nc6 3. Bb5 a6 4. Ba4 Nf6 5. d3 b5 6. Bb3 Be7 7. Nc3 d6 8. a4 b4 9. Nd5 Na5 10. Ba2 Nxd5 11. Bxd5 Rb8 12. Bd2 c6 13. Ba2 0-0 14. 0-0 c5 15. Bd5 Bb7 16. Bxb7 Rxb7 17. c3 bxc3 18. bxc3 Qd7 19. Be3 Qc6 20. Qc2 Rfb8 21. Ra2 Bf6 22. Nd2 c4 23. Rd1 h6 24. h3 Be7 25. d4 Bf6 26. Nf3 Nb3 27. d5 Qe8 28. Qe2 Na5 29. Nh2 Bd8 30. Nf1 Kh7 31. Qh5 Rb3 32. Rc1 Rb2 33. Rxb2 Rxb2 34. Qf5+ g6 35. Qc8 Rb7 36. Qa8 f5 37. f3 Rb2 38. Qxa6 Bc7 39. Ra1 f4 40. Bf2 Qb8 41. Rd1 Qe8 42. Ra1 h5 43. Qa7 Qd7 44. Kh1 Kh6 45. Be1 Nb3 46. Rd1 Ra2 47. Qa8 Kg7 48. Nd2 Rxa4 49. Qb7 Nc5 50. Qc6 Qxc6 51. dxc6 Nd3 52. Kg1 Kf7 53. Bh4 Nc5 54. Rb1 Ke6 55. Rb4 Rxb4 56. cxb4 c3 0-1

[Event "Mentese (Women)"]
[Site "Mentese"]
[Date "2019.06.24"]
[Round "2.2"]
[White "Khomeriki, Nino"]
[Black "Zubova, Mariya"]
[Result "1-0"]
[WhiteElo "2313"]
[BlackElo "2164"]
[PlyCount "53"]
[EventDate "2019.06.24"]
[EventType "schev"]
[EventRounds "10"]
[EventCountry "TUR"]
[SourceTitle "CBM 191 Extra"]
[Source "ChessBase"]
[SourceDate "2019.09.30"]
[SourceVersion "1"]
[SourceVersionDate "2019.09.30"]
[SourceQuality "1"]
[WhiteTeam "Green Team"]
[BlackTeam "White Team"]
[WhiteTeamCountry "TUR"]
[BlackTeamCountry "TUR"]

1. d4 Nf6 2. Nf3 g6 3. Nbd2 d5 4. b4 Bg7 5. e3 0-0 6. c4 c6 7. Be2 Nbd7 8. Bb2 h6 9. 0-0 Ne4 10. Qb3 Ndf6 11. Rfc1 Bg4 12. Bd3 Bf5 13. Nf1 dxc4 14. Bxc4 Nd6 15. Be2 Nfe4 16. Ne5 Kh7 17. f3 Nf6 18. a4 Nd7 19. b5 cxb5 20. axb5 Be6 21. Qd3 f5 22. Nd2 Nf7 23. f4 Bd5 24. Nxg6 Kxg6 25. Bh5+ Kf6 26. e4 Nb6 27. Qg3 1-0

[Event "Mentese (Women)"]
[Site "Mentese"]
[Date "2019.06.24"]
[Round "1.2"]
[White "Zubova, Mariya"]
[Black "Doluhanova, Evgeniya"]
[Result "0-1"]
[WhiteElo "2164"]
[BlackElo "2319"]
[PlyCount "103"]
[EventDate "2019.06.24"]
[EventType "schev"]
[EventRounds "10"]
[EventCountry "TUR"]
[SourceTitle "CBM 191 Extra"]
[Source "ChessBase"]
[SourceDate "2019.09.30"]
[SourceVersion "1"]
[SourceVersionDate "2019.09.30"]
[SourceQuality "1"]
[WhiteTeam "White Team"]
[BlackTeam "Green Team"]
[WhiteTeamCountry "TUR"]
[BlackTeamCountry "TUR"]

1. e4 e5 2. Nf3 Nc6 3. Bb5 g6 4. d4 exd4 5. Bg5 Be7 6. Bxe7 Qxe7 7. Bxc6 dxc6 8. Qxd4 Nf6 9. Nc3 Bg4 10. Nd2 0-0 11. 0-0 Rad8 12. Qe3 Rfe8 13. h3 Bc8 14. Rfe1 b6 15. Rad1 Bb7 16. a3 c5 17. e5 Nd5 18. Qg3 Nxc3 19. Qxc3 Qg5 20. g3 Qf5 21. g4 Qf4 22. Qg3 Qxg3+ 23. fxg3 Rd4 24. c3 Rd3 25. Nf1 Rxe5 26. Rxd3 Rxe1 27. Rd8+ Kg7 28. Kf2 Rb1 29. Rd2 a5 30. g5 Bc8 31. h4 h6 32. Ne3 hxg5 33. hxg5 Be6 34. Kf3 Kf8 35. Kf4 Ke7 36. Re2 b5 37. Ke5 c6 38. Rd2 Re1 39. Kf4 b4 40. axb4 cxb4 41. cxb4 axb4 42. Kf3 Rc1 43. Rc2 Rxc2 44. Nxc2 c5 45. Ke3 Kd6 46. Ne1 Kd5 47. Nf3 c4 48. Nd4 Bg4 49. Nc2 b3 50. Na3 c3 51. Kd3 c2 52. Nb1 0-1

[Event "EU-ch (Women) 20th"]
[Site "Antalya"]
[Date "2019.04.22"]
[Round "11"]
[White "Ferkova, Dominika"]
[Black "Zubova, Mariya"]
[Result "0-1"]
[WhiteElo "1993"]
[BlackElo "2149"]
[PlyCount "84"]
[EventDate "2019.04.11"]
[EventType "swiss"]
[EventRounds "11"]
[EventCountry "TUR"]
[SourceTitle "CBM 190"]
[Source "ChessBase"]
[SourceDate "2019.06.30"]
[SourceVersion "1"]
[SourceVersionDate "2019.06.30"]
[SourceQuality "1"]

1. d4 Nf6 2. c4 g6 3. Nc3 d5 4. cxd5 Nxd5 5. e4 Nxc3 6. bxc3 Bg7 7. Bc4 c5 8. Ne2 Nc6 9. Be3 Qa5 10. 0-0 0-0 11. Rc1 e6 12. Qb3 Qc7 13. Qa3 Na5 14. Bd3 c4 15. Bc2 Bd7 16. Rfd1 b6 17. Bf4 Qb7 18. d5 Rad8 19. Bd6 Rfe8 20. Bb4 exd5 21. Bxa5 bxa5 22. Rxd5 Bc6 23. Rxd8 Rxd8 24. Ng3 a4 25. Rb1 Qc7 26. Nf1 Qe5 27. Qc1 Qxc3 28. Qg5 Bf6 29. Qf4 Qe5 30. Qe3 a6 31. Qb6 Bb5 32. Qa5 Qc3 33. Qxc3 Bxc3 34. g3 a3 35. Ne3 Rd2 36. Rd1 Rxd1+ 37. Nxd1 Bd4 38. Kg2 c3 39. Kf3 Bc4 40. Bb1 Bxa2 41. Nxc3 Bxb1 42. Nxb1 a2 0-1

[Event "EU-ch (Women) 20th"]
[Site "Antalya"]
[Date "2019.04.21"]
[Round "10"]
[White "Zubova, Mariya"]
[Black "Heinemann, Josefine"]
[Result "0-1"]
[WhiteElo "2149"]
[BlackElo "2257"]
[PlyCount "71"]
[EventDate "2019.04.11"]
[EventType "swiss"]
[EventRounds "11"]
[EventCountry "TUR"]
[SourceTitle "CBM 190"]
[Source "ChessBase"]
[SourceDate "2019.06.30"]
[SourceVersion "1"]
[SourceVersionDate "2019.06.30"]
[SourceQuality "1"]

1. e4 e5 2. Nf3 Nc6 3. Bb5 a6 4. Ba4 d6 5. c3 Bd7 6. 0-0 g6 7. d4 Bg7 8. Re1 Nge7 9. d5 Nb8 10. Bxd7+ Nxd7 11. c4 0-0 12. Be3 h6 13. Nfd2 f5 14. f3 Nf6 15. Nc3 c6 16. dxc6 bxc6 17. Bf2 Rb8 18. Nb3 Qc7 19. Qe2 a5 20. exf5 gxf5 21. c5 Nfd5 22. cxd6 Qxd6 23. Nxa5 Nf4 24. Qf1 Qg6 25. Nc4 e4 26. Rad1 Ned5 27. Bg3 Rbe8 28. Nxd5 Nxd5 29. fxe4 fxe4 30. Qe2 e3 31. Rf1 Bf6 32. a3 h5 33. Rf3 h4 34. Bd6 Be7 35. Rxf8+ Rxf8 36. Be5 0-1

[Event "EU-ch (Women) 20th"]
[Site "Antalya"]
[Date "2019.04.15"]
[Round "5"]
[White "Zubova, Mariya"]
[Black "Exler, Veronika"]
[Result "0-1"]
[WhiteElo "2149"]
[BlackElo "2289"]
[PlyCount "102"]
[EventDate "2019.04.11"]
[EventType "swiss"]
[EventRounds "11"]
[EventCountry "TUR"]
[SourceTitle "CBM 190"]
[Source "ChessBase"]
[SourceDate "2019.06.30"]
[SourceVersion "1"]
[SourceVersionDate "2019.06.30"]
[SourceQuality "1"]

1. e4 c6 2. d4 d5 3. Nc3 g6 4. h3 Bg7 5. Nf3 Nh6 6. Bf4 f6 7. e5 0-0 8. Qd2 Nf7 9. 0-0-0 Na6 10. exf6 exf6 11. g4 Nc7 12. Kb1 b5 13. Bd3 a5 14. Rdg1 Ne6 15. Be3 Qb6 16. Ne2 b4 17. Nh4 Re8 18. f4 Nf8 19. f5 g5 20. Nf3 Ra7 21. Ng3 Rae7 22. Re1 Nd6 23. h4 h6 24. hxg5 hxg5 25. Rh5 Nc4 26. Bxc4 dxc4 27. c3 Qb8 28. Rh3 Qd6 29. Bf2 Rxe1+ 30. Bxe1 Qd5 31. Qf2 c5 32. Kc1 Bb7 33. Nf1 Qe4 34. N1h2 cxd4 35. Qxd4 Qxd4 36. cxd4 Nd7 37. Bd2 Nb6 38. Rg3 Bf8 39. Rg1 Bd6 40. Re1 Be4 41. Ne5 Bd5 42. Nef3 Rc8 43. Kc2 c3 44. bxc3 Na4 45. c4 Rxc4+ 46. Kb1 Nc3+ 47. Kb2 Ne4 48. Be3 a4 49. Rc1 a3+ 50. Ka1 Rxc1+ 51. Bxc1 Nc3 0-1